| 000 | 00760nam a2200301 a 4500 | ||
|---|---|---|---|
| 003 | AR-BaBNM | ||
| 005 | 20251128204800.0 | ||
| 008 | 082120s2002 ||||||||||||||000 | spa|| | ||
| 020 | _a950-9293-28-8 | ||
| 040 | _cAR-BaBNM | ||
| 100 | 1 | _aMandrioni, Héctor Delfor | |
| 245 | 0 | 0 | _aSobre el amor y el poder |
| 250 | _a3ª ed. | ||
| 260 |
_aBuenos Aires _bDocencia _c1986 |
||
| 300 | _a430 p. | ||
| 600 | 1 | 4 | _aScheler, Max |
| 600 | 1 | 4 | _aNietzsche, Friedrich |
| 600 | 1 | 4 | _aDostoyevsky, Fyodor |
| 650 | 4 | _aESCUELAS FILOSOFICAS | |
| 650 | 4 | _aFILOSOFIA DEL ESPIRITU | |
| 650 | 4 | _aFILOSOFIA LITERARIA | |
| 650 | 4 | _aAMOR | |
| 650 | 4 | _aPSICOLOGIA AFECTIVA | |
| 650 | 4 | _aLITERATURA | |
| 650 | 4 | _aCRITICA LITERARIA | |
| 942 | _cBK | ||
| 998 | _cMARTIN | ||
| 999 |
_c8804 _d8804 |
||